[Event "Yingmei Cup CHN-chT 2017"]
[Site "?"]
[Date "2017.07.26"]
[Round "8"]
[White "Ning, Kaiyu"]
[Black "Zhai, Mo"]
[Result "*"]
[WhiteElo "2131"]
[BlackElo "2303"]
[Annotator "TA"]
[PlyCount "156"]
[EventDate "2017.??.??"]
[SourceTitle "Ningbo"]

1. d4 Nf6 2. c4 e6 3. Nf3 b6 4. g3 Bb7 5. Bg2 Be7 6. O-O O-O 7. Re1 c5 8. d5 {
E17: Queen's Indian: 4 g3 Bb7 5 Bg2 Be7} exd5 9. Nh4 Ne4 10. cxd5 Bxh4 11. Bxe4
Bf6 $1 12. Nc3 d6 13. Qc2 $36 {White is pushing.} (13. Bf4 Qe7 14. Qc2 h6 15.
Bh7+ Kh8 {1-0 (52) Ma,Q (2637)-Zhao,J (2624) Beijing 2017}) 13... h6 14. Bf4 a6
15. Rad1 Re8 16. Bg2 $146 b5 17. Ne4 Be7 18. g4 Ra7 (18... a5 $14) 19. Ng3 (19.
Qb3 $16) 19... Bc8 $11 20. h3 Bf8 21. e4 Nd7 22. Nf5 Nb6 23. b3 Bxf5 24. exf5
Rae7 25. Re3 (25. Be3 {feels hotter.} Nd7 26. Re2 Qc7 27. a4 b4 28. Rde1) 25...
Rxe3 26. Bxe3 Be7 27. Qd2 Nd7 28. Re1 Bg5 29. f4 Bh4 30. Bf2 (30. Re2 $15)
30... Bxf2+ $17 31. Qxf2 Kf8 32. Kf1 (32. Rxe8+ $142 Qxe8 33. Qd2) 32... Qa5 ({
Black should play} 32... Rxe1+ 33. Qxe1 Qf6) 33. Rxe8+ Kxe8 34. Qe1+ Qxe1+ 35.
Kxe1 {Endgame KB-KN} Ke7 36. Kd2 Kf6 37. Be4 Nb6 38. h4 Ke7 39. Bf3 a5 40. Kd3
f6 41. Ke4 Nd7 (41... b4 $17) 42. Be2 ({White should try} 42. a3 $1 $15) 42...
c4 43. bxc4 $2 (43. Kd4 $17) 43... Nc5+ $1 $19 44. Ke3 b4 45. Bd1 Kd8 (45... a4
$142 46. Kd4 a3) 46. Bc2 $2 (46. Kd2) 46... Kc7 47. Kf3 a4 48. Ke3 Kb6 49. Bb1
Ka5 50. Kd2 a3 51. h5 Kb6 52. Ke3 b3 53. Kd4 Ka5 54. Kc3 ({But not} 54. axb3 $2
Kb4 $19) 54... bxa2 $1 55. Bxa2 {[#] intending Bb1.} Ka4 (55... Na6 $1 $19 56.
Bb3 Nb4) 56. Bb1 $17 {[#]} Ka5 (56... Na6 $1 $17) 57. Ba2 $19 Ne4+ $2 ({
Better is} 57... Na6 $19 {Threatens to win with ...Nb4.} 58. Bb3 Nb4) 58. Kb3 {
The position is equal.} (58. Kd4 $5 Nc5 59. Kc3 $11) 58... Kb6 {White should
prevent ...Kc5.} 59. Kxa3 Kc5 {Hoping for ...Nd2.} 60. Kb3 Nf2 61. Kc3 Nxg4 62.
Kd3 Nf2+ 63. Ke3 Nd1+ 64. Kd2 Nb2 65. Kc3 Na4+ 66. Kb3 Nb6 67. Kc3 Nd7 68. Bb1
Kb6 69. Kb4 Nc5 70. Bc2 Na6+ 71. Kc3 Nc5 72. Kb4 Na6+ 73. Kc3 Ka5 74. Bd1 Nc5
75. Bc2 Nd7 76. Bd1 Ka6 77. Bc2 Nc5 78. Kb4 Kb6 {Precision: White = 46%, Black
= 71%.} *

[Event "Yingmei Cup CHN-chT 2017"]
[Site "?"]
[Date "2017.07.26"]
[Round "8"]
[White "Sun, Fanghui"]
[Black "Lei, Tingjie"]
[Result "1/2-1/2"]
[WhiteElo "2059"]
[BlackElo "2471"]
[Annotator "TA"]
[PlyCount "86"]
[EventDate "2017.??.??"]
[SourceTitle "Ningbo"]

1. e4 c5 2. c3 Nf6 3. e5 Nd5 4. d4 cxd4 5. Nf3 e6 6. cxd4 b6 7. Nc3 Bb7 8. Bd3
Nxc3 {[%emt 0:00:02] B2: Sicilian: 2 c3} (8... Na6 9. Nxd5 Bxd5 10. Bxa6 b5 11.
O-O Qb6 12. Bxb5 Qxb5 13. Ng5 h6 14. Nh3 Be7 15. Nf4 Bb7 16. Qg4 {1/2-1/2 (46)
Savchenko,B (2608)-Popov,I (2627) Moscow 2014}) 9. bxc3 d6 10. O-O Nd7 {
White is slightly better.} 11. exd6 (11. Ng5 $16) 11... Bxd6 $11 12. Qe2 Qc7
13. Bd2 O-O 14. h3 Rfe8 15. Ng5 Nf6 16. f4 Rac8 $146 ({Predecessor:} 16... h6
17. Ne4 Nxe4 18. Bxe4 Bxe4 19. Qxe4 f5 20. Qe2 Rac8 {0-1 (102) Shukurova,M 
(2255)-Khurtsidze,N (2418) Istanbul 2000}) 17. a4 h6 18. Ne4 Bxe4 (18... Be7 {
keeps more tension.} 19. Nxf6+ Bxf6 20. Rfb1 Rb8 21. Rb4 Bd5) 19. Bxe4 Nxe4 20.
Qxe4 Qc4 21. Rf3 Qd5 (21... Rc5 $5) 22. Qb1 Rc4 23. Qb5 Rec8 (23... Rd8 $5 24.
Rff1 Bb8 $11) 24. Kh1 g6 ({Black should try} 24... Qc6 $15) 25. f5 $1 $14 Qxb5
26. axb5 {Threatens to win with fxe6.} exf5 27. Rxa7 Kg7 28. g4 Bc7 (28... R4c7
$11 {keeps the balance.} 29. Ra6 fxg4 30. hxg4 Rb8) 29. gxf5 (29. Kg2 $16)
29... g5 $1 $11 30. Kg2 Bf4 31. Bxf4 gxf4 32. Rxf4 {Black must now prevent Rb7.
} Rxc3 {Endgame KRR-KRR. The position is equal.} 33. Rb7 Rd3 34. Rxb6 {[#]
Hoping for Rc6.} Rc2+ 35. Rf2 Rcc3 36. Rd6 Rb3 37. b6 Rxh3 38. f6+ (38. Rb2 $5)
38... Kg6 39. Rd8 {[#] Rg8+ is the strong threat.} Rhg3+ 40. Kh2 {Intending
Rg8+ and mate.} (40. Kf1 $5 Rb1+ 41. Ke2 Rb2+ 42. Kf1 Rb1+ 43. Ke2 Rb2+ 44. Kf1
Rb1+ $11) 40... Rh3+ 41. Kg2 {Strongly threatening Rg8+.} Rhg3+ 42. Kh2 {
Rg8+ would kill now.} (42. Kf1 $5 Rb1+ 43. Ke2 Rb2+ 44. Kf1 Rb1+ 45. Ke2 Rb2+
46. Kf1 Rb1+ $11) 42... Rh3+ 43. Kg2 {And now Rg8+ would win.} Rhg3+ {
Precision: White = 33%, Black = 53%.} 1/2-1/2

[Event "Yingmei Cup CHN-chT 2017"]
[Site "?"]
[Date "2017.07.27"]
[Round "9"]
[White "Ding, Liren"]
[Black "Lin, Chen"]
[Result "1-0"]
[WhiteElo "2759"]
[BlackElo "2475"]
[Annotator "TA"]
[PlyCount "81"]
[EventDate "2017.??.??"]
[SourceTitle "Ningbo"]

1. Nf3 Nf6 2. g3 g6 3. Bg2 Bg7 4. c4 O-O 5. d4 d6 6. O-O Nc6 7. Nc3 Bg4 8. d5
Na5 9. b3 c5 10. Bd2 a6 {LiveBook: 4 Games} 11. h3 {E62: King's Indian:
Fianchetto: 6...c6 and Panno Variation (6... Nc6) without ...a6} Bxf3 12. Bxf3
b5 13. cxb5 {White is slightly better.} axb5 14. Nxb5 Qd7 15. a4 Qxh3 16. e4 h5
{Black wants to play ...Ng4.} 17. Bg2 Qg4 $146 18. Ra3 Qxd1 19. Rxd1 Rfb8 20.
e5 $36 {White is more active.} Ne8 21. exd6 Nxd6 22. Bf1 Rb6 23. Rb1 Kf8 24.
Nxd6 exd6 25. b4 Rab8 26. b5 Ra8 27. Re1 Rb7 28. Bf4 Rb6 29. Re4 Bf6 30. Rf3 {
Threatens to win with Bh6+.} Kg7 31. Kg2 Nb7 32. Bd2 {[#] Ref4 is the strong
threat.} Be5 33. a5 Nxa5 34. Ra4 Nb3 $2 {[#]} (34... c4) 35. Bh6+ $1 $18 {
White is clearly winning.} Kxh6 36. Rxa8 Nd2 37. Rxf7 Nxf1 38. Kxf1 g5 39. Ra6
Rxb5 40. Re7 Rb1+ 41. Kg2 {Precision: White = 86%, Black = 49%.} 1-0

[Event "Yingmei Cup CHN-chT 2017"]
[Site "?"]
[Date "2017.07.27"]
[Round "9"]
[White "Le, Quang Liem"]
[Black "Gao, Rui"]
[Result "1/2-1/2"]
[WhiteElo "2726"]
[BlackElo "2543"]
[Annotator "TA"]
[PlyCount "137"]
[EventDate "2017.??.??"]
[SourceTitle "Ningbo"]

1. Nf3 d5 2. d4 Nf6 3. c4 c6 4. Nc3 e6 5. g3 dxc4 6. Bg2 Nbd7 7. a4 Be7 8. O-O
O-O 9. e4 b6 10. Qe2 {E07: Closed Catalan: Main Line (5 Nf3 0-0 6 0-0 Nbd7)} a5
11. Rd1 Ba6 12. Bf4 Re8 13. Nd2 Bf8 14. Nxc4 Nd5 {LiveBook: 5 Games} 15. Bd2 ({
But not} 15. exd5 exd5 16. Qc2 Bxc4 $17) 15... Nb4 {[#]} 16. Be1 $146 (16. Be3
$14) ({Predecessor:} 16. Be3 Qc8 17. Rac1 Qb7 18. e5 f5 {1-0 (43) Bacrot,E 
(2710)-Filippov,A (2606) Khanty-Mansiysk 2011}) 16... e5 $1 $15 17. d5 Qf6 (
17... Rc8 $5 18. b3 cxd5 19. Nxd5 (19. exd5 $2 Nc5 $17) 19... Nxd5 20. Rxd5 Qc7
$15) 18. b3 Nc5 19. Rab1 {The position is equal.} Rac8 (19... Rad8 {seems
wilder.} 20. Bd2 Qg6 21. h4 Nc2 22. Bg5 Nd4) 20. Qf3 Qxf3 21. Bxf3 cxd5 22.
Nxd5 Bxc4 23. bxc4 Nxa4 24. Bg4 Rcd8 $1 25. Nxb4 axb4 26. Bxb4 {[#] aiming for
Bd7.} Nc5 27. f3 Rxd1+ 28. Rxd1 Nb3 29. Bxf8 Kxf8 $11 {Endgame KRB-KRN} 30. Rb1
Na5 31. c5 bxc5 32. Rb5 Nc4 33. Rxc5 Nd6 34. Kf2 g6 35. Bh3 (35. Rd5 $5 Rd8 36.
Rxe5 $14) 35... Re7 36. Ke3 Kg7 37. Bf1 f6 38. Rc6 Nf7 39. Bc4 Ra7 40. h4 Rd7
41. Bd5 Ra7 42. Kf2 Nd8 43. Rd6 (43. Rc8 $5 Nf7 44. Rc6 $16) 43... Nf7 44. Re6
Nd8 45. Re8 Nf7 46. Ke2 Rc7 47. Kd3 Ra7 48. Kc3 Rc7+ 49. Kb4 h5 50. f4 exf4 51.
gxf4 Nd6 52. Rg8+ Kh7 53. Rd8 Nb7 $132 {Black is fighting back} 54. Bxb7 (54.
Re8 {keeps more tension.} Kg7 55. Rg8+ Kh7 56. Ra8 Nc5 57. Ra3) 54... Rxb7+ {
KR-KR} 55. Kc5 Kg7 56. e5 fxe5 57. fxe5 Kf7 58. Rd6 Rb1 59. Rf6+ Ke7 60. Rxg6
Rh1 61. Kd5 Rd1+ 62. Ke4 Re1+ 63. Kf5 Rf1+ 64. Kg5 {[#] Black must now prevent
e6.} Re1 65. Rg7+ Kf8 66. Rh7 {Threatens to win with Kf6.} Rxe5+ 67. Kf6 Kg8
68. Rg7+ Kf8 69. Rg5 {Precision: White = 48%, Black = 69%.} (69. Rb7 $5 Re4 70.
Rb8+ Re8 71. Rb6 $11) 1/2-1/2

[Event "Yingmei Cup CHN-chT 2017"]
[Site "?"]
[Date "2017.07.27"]
[Round "9"]
[White "Malakhov, Vladimir"]
[Black "Zhou, Jianchao"]
[Result "1-0"]
[WhiteElo "2714"]
[BlackElo "2613"]
[Annotator "TA"]
[PlyCount "101"]
[EventDate "2017.??.??"]
[SourceTitle "Ningbo"]

1. c4 e5 2. Nc3 Nc6 3. g3 f5 4. Bg2 Nf6 5. d3 Bb4 6. Nf3 Bxc3+ {A25: English
Opening vs King's Indian with ...Nc6 but without early d3} 7. bxc3 d6 {
LiveBook: 21 Games} 8. Bg5 (8. O-O O-O 9. Rb1 Qe8 10. Qb3 b6 11. Nh4 Na5 12.
Qa3 Rb8 13. Be3 f4 14. gxf4 Qh5 15. Nf3 Bh3 16. Bxh3 Qxh3 17. Kh1 {1/2-1/2 (37)
Svidler,P (2753) -Carlsen,M (2881) Stavanger 2014}) 8... Bd7 {Black has an
edge.} 9. Nd2 h6 10. Bxf6 Qxf6 11. Rb1 Rb8 12. Qa4 O-O 13. O-O e4 {[#]} 14.
dxe4 $146 ({Predecessor:} 14. Qa3 Qg5 15. Rb2 e3 16. f4 Qe7 {1/2-1/2 (36)
Smirin,I (2644)-Westerberg,J (2411) Stockholm 2014}) 14... Qxc3 15. Qd1 Qe5 16.
exf5 Bxf5 17. Rb5 Qe7 18. e3 Ne5 19. f4 Nd7 20. e4 Be6 21. Qa1 Nc5 22. Qc3 b6
23. Rbb1 Qf6 24. Rbc1 Qxc3 25. Rxc3 b5 26. cxb5 Rxb5 27. e5 dxe5 28. Nf3 Bd5
29. Nxe5 Bxg2 30. Kxg2 Rd8 31. Rc2 Rd6 32. a4 Nxa4 33. Rxc7 Nc5 (33... Rd2+ $14
34. Rf2 Rxf2+ 35. Kxf2 a5) 34. Rf2 Nd3 35. Nxd3 Rxd3 $16 {Endgame KRR-KRR} 36.
Re2 {Black must now prevent Ree7.} Rd6 37. Ree7 Rg6 38. Rxa7 Rb2+ 39. Kh3 Rf2
40. Re8+ Kh7 41. Rf8 h5 42. Rf5 (42. Rff7 $16) 42... h4 $1 $14 43. g4 {aiming
for Rf8.} (43. Rh5+ {is more complex.} Rh6 44. Rxh4 Rxh4+ 45. Kxh4 Rxh2+ 46.
Kg5) 43... Rf3+ 44. Kg2 Rb3 45. Rh5+ Rh6 46. Rxh6+ Kxh6 47. Ra6+ Kh7 48. f5
Rb2+ 49. Kh3 Rf2 $2 {[#]} (49... g5 $16 {is tougher.}) 50. Rg6 $1 $18 Kh8 $2 {
[#]} (50... Rd2 51. Rb6 (51. Kxh4 Rxh2+ 52. Kg5 Rg2 $16) 51... Ra2 52. Kxh4
Rxh2+ 53. Kg5 Ra2) 51. Rg5 $1 {Precision: White = 50%, Black = 47%.} 1-0

[Event "Yingmei Cup CHN-chT 2017"]
[Site "?"]
[Date "2017.07.27"]
[Round "9"]
[White "Bu, Xiangzhi"]
[Black "Wang, Yiye"]
[Result "1-0"]
[WhiteElo "2713"]
[BlackElo "2425"]
[Annotator "TA"]
[PlyCount "73"]
[EventDate "2017.??.??"]
[SourceTitle "Ningbo"]

1. d4 {Program Activation Required} Nf6 2. c4 e6 3. Nc3 Bb4 4. f3 d5 5. a3
Bxc3+ 6. bxc3 c5 7. e3 O-O 8. cxd5 exd5 9. Bd3 b6 10. Ne2 Ba6 11. O-O Re8 12.
Ng3 Bxd3 13. Qxd3 Nc6 14. Bb2 h5 {[%emt 0:00:07] E49: Nimzo-Indian: Rubinstein:
5 Bd3 d5 6 a3 Bxc3+ bxc3} (14... Rc8 15. Rae1 Qc7 16. e4 Ne7 17. e5 Nd7 18. a4
cxd4 19. cxd4 Qc2 20. Qxc2 Rxc2 21. Ba3 g6 22. Rc1 Ra2 23. Bxe7 Rxe7 {1/2-1/2 
(64) Eljanov,P (2739)-Wang,Y (2737) Baku 2016}) 15. e4 h4 16. Nf5 dxe4 17. fxe4
Rxe4 $146 ({NOTEXT:} 17... cxd4 18. cxd4 Rxe4 19. Nh6+ gxh6 20. Rxf6 Qd5 21.
Rd6 Qxd6 22. Qxe4 {1-0 (41) Kasabasic,D (2124)-Bourgoin,C (1769) LSS email 2011
}) 18. Nxg7 Ne5 19. Qc2 cxd4 20. cxd4 Rc8 21. Qb3 Neg4 22. Nf5 Qd5 23. Qd3 Rce8
24. Bc1 Re2 25. Nxh4 Qe4 26. Qxe4 Nxe4 27. Nf5 Nd2 28. Bxd2 Rxd2 29. Rf3 Nf6
30. Rc1 Nd5 31. Nd6 Rf8 32. Rcf1 Rxd4 33. Nxf7 Rf4 34. Rxf4 Nxf4 35. Rxf4 Rxf7
36. Rxf7 Kxf7 37. Kf2 1-0

[Event "Yingmei Cup CHN-chT 2017"]
[Site "?"]
[Date "2017.07.27"]
[Round "9"]
[White "Naiditsch, Arkadij"]
[Black "Zhou, Weiqi"]
[Result "1/2-1/2"]
[WhiteElo "2712"]
[BlackElo "2606"]
[Annotator "TA"]
[PlyCount "93"]
[EventDate "2017.??.??"]
[SourceTitle "Ningbo"]

1. e4 c5 2. Nf3 d6 3. d4 cxd4 4. Nxd4 Nf6 5. Nc3 a6 6. g3 e5 7. Nf3 {[%emt 0:
00:06] B91: Sicilian Najdorf: g3} (7. Nde2 Be7 8. Bg2 b5 9. Nd5 Nbd7 10. Nec3
Nb6 11. Nxe7 Qxe7 12. Bg5 O-O 13. Qf3 Be6 14. Bxf6 Qxf6 15. Qxf6 gxf6 16. O-O-O
b4 {1/2-1/2 (30) Karjakin,S (2781)-Vachier Lagrave,M (2796) Stavanger 2017})
7... Be7 8. Nh4 {LiveBook: 3 Games} g6 $146 ({Predecessor:} 8... O-O 9. Bg2 g6
10. a4 Nc6 11. O-O Bg4 12. Nf3 Nd4 13. Be3 Nxf3+ 14. Bxf3 Be6 {1/2-1/2 (24)
Motylev,A (2680)-Kokarev,D (2620) Sochi 2017}) 9. Ng2 Bg4 10. f3 Be6 11. Ne3
Nbd7 12. Bg2 Rc8 13. f4 b5 (13... exf4 $11 14. gxf4 Qb6) 14. f5 $16 Bc4 15. a3
Nb6 16. Bd2 d5 17. Ncxd5 Nfxd5 18. exd5 Bc5 19. Qg4 O-O 20. Rd1 e4 21. fxg6 (
21. Bxe4 Re8 $17) (21. d6 $5) 21... hxg6 22. h4 {[#] h5 is the strong threat.}
(22. Bxe4 Qe8 $15) 22... Bxd5 (22... Nxd5 23. Nxc4 bxc4 24. Bc3) ({Don't
blunder} 22... Qf6 $2 23. Bc3 $18) 23. Nxd5 (23. Qg5 $5) 23... Qxd5 (23... Nxd5
$11 24. Bc3 Bxa3) 24. Bc3 Qh5 25. Qxh5 gxh5 26. Bf6 (26. Rf1 $16) 26... Rfe8 $1
$11 27. Rf1 Be7 $1 28. c3 Rc6 $132 {The position is equal. Black is not
keeping still} 29. Bxe7 Rxe7 30. Rf5 Nc4 31. Rxh5 Nxb2 32. Rg5+ Kh7 33. Rd4 f6
34. Rgd5 ({Avoid the trap} 34. Rxe4 $2 Rce6 $19) 34... Rxc3 {aiming for ...Kh6.
} 35. Rxe4 Re3+ 36. Rxe3 Rxe3+ {Endgame KRB-KRN} 37. Kf2 Nc4 38. Rd7+ Kh8 39.
h5 Re6 40. Bh3 Re5 41. g4 Rg5 42. Ra7 Ne5 43. Rxa6 Nxg4+ 44. Bxg4 Rxg4 45. Rxf6
Ra4 46. Rf3 b4 47. axb4 {Precision: White = 60%, Black = 66%.} 1/2-1/2

[Event "Yingmei Cup CHN-chT 2017"]
[Site "?"]
[Date "2017.07.27"]
[Round "9"]
[White "Wang, Yue"]
[Black "Ni, Hua"]
[Result "1/2-1/2"]
[WhiteElo "2706"]
[BlackElo "2674"]
[Annotator "TA"]
[PlyCount "61"]
[EventDate "2017.??.??"]
[SourceTitle "Ningbo"]

1. e4 {Program Activation Required} e5 2. Nf3 Nf6 3. Nxe5 d6 4. Nf3 Nxe4 5. Nc3
Nxc3 6. dxc3 Be7 7. Be3 Nc6 8. Qd2 Be6 9. O-O-O {C42: Petroff Defence: 3 Nxe5
and unusual White 3rd moves} Qd7 10. Kb1 Bf6 11. Ng5 Bxg5 12. Bxg5 f6 13. Be3
O-O-O {[#]} 14. Be2 $146 ({NOTEXT:} 14. h3 Rhe8 15. Be2 a6 16. b3 Bf5 {1/2-1/2
(68) Baklan,V (2655)-Konopka,M (2416) Germany 2015}) 14... Kb8 15. Rhe1 h5 16.
f3 Rde8 17. Bf1 Qf7 18. b3 Bf5 19. Kb2 Re5 20. Bf4 Rxe1 21. Rxe1 Re8 22. Rxe8+
Qxe8 23. Bb5 a6 24. Bxc6 Qxc6 25. c4 Qe8 26. Qe3 Qxe3 27. Bxe3 c5 28. h4 Kc7
29. Kc3 Kc6 30. Kd2 d5 31. cxd5+ 1/2-1/2

[Event "Yingmei Cup CHN-chT 2017"]
[Site "?"]
[Date "2017.07.27"]
[Round "9"]
[White "Wang, Hao"]
[Black "Zeng, Chongsheng"]
[Result "1-0"]
[WhiteElo "2690"]
[BlackElo "2536"]
[Annotator "TA"]
[PlyCount "45"]
[EventDate "2017.??.??"]
[SourceTitle "Ningbo"]

1. e4 c5 2. Nf3 e6 3. d4 cxd4 4. Nxd4 Nc6 5. Nc3 Qc7 6. Be2 a6 7. O-O Nf6 8.
Be3 Be7 9. f4 d6 10. Qe1 O-O 11. Qg3 Nxd4 12. Bxd4 b5 13. a3 Bb7 14. Kh1 Rad8
15. Rae1 {B85: Sicilian Scheveningen: 6 Be2 a6, lines with early Be3} Rd7 16.
Bd3 Qd8 17. Qh3 g6 18. f5 {LiveBook: 17 Games} ({Reject} 18. Qh6 $6 e5 $11)
18... gxf5 $2 {[#]} (18... e5 $16 {is tougher.} 19. Be3 Bc6) 19. Nd5 $1 $18 {
[#]} Kg7 $146 {[#]} (19... Bxd5 20. exd5) ({Predecessor:} 19... e5 20. Bb6 Qc8
21. Rxf5 Bxd5 22. exd5 Rb7 23. Qh6 Qxf5 24. Bxf5 Rxb6 25. g4 {1-0 (25) Vachier
Lagrave,M (2745)-Dobrov,V (2511) Paris 2014}) 20. Rxf5 $1 Bxd5 (20... exf5 21.
Qg3+) 21. Rg5+ Kh8 22. Bxf6+ Bxf6 23. exd5 {Precision: White = 100%, Black =
35%.} 1-0

[Event "Yingmei Cup CHN-chT 2017"]
[Site "?"]
[Date "2017.07.27"]
[Round "9"]
[White "Moiseenko, Alexander"]
[Black "Zhang, Ziji"]
[Result "1/2-1/2"]
[WhiteElo "2671"]
[BlackElo "2318"]
[Annotator "TA"]
[PlyCount "97"]
[EventDate "2017.??.??"]
[SourceTitle "Ningbo"]

1. d4 d5 2. c4 c6 3. Nf3 Nf6 4. Qc2 dxc4 5. e4 (5. Qxc4 Bf5 6. g3 e6 7. Bg2 Be7
8. O-O O-O 9. e3 Nbd7 10. Qe2 Qc7 11. Nc3 e5 12. dxe5 Nxe5 13. Nxe5 Qxe5 14. e4
Bg4 15. f3 Be6 {1/2-1/2 (43) Yu,Y (2743)-Wang,H (2680) Chengdu 2017}) 5... b5
6. b3 {D11: Slav Defence: 3 Nf3 sidelines and 3.. .Nf6 4 e3 Bg4} cxb3 7. axb3
e6 8. Bd2 a5 9. Bd3 Be7 10. O-O Bb7 {LiveBook: 15 Games} 11. Rc1 h6 12. Qd1 b4
13. Qe2 $146 Nbd7 14. Bf4 c5 15. Nbd2 O-O 16. h3 cxd4 17. Bc7 Qc8 18. Be5 {[#]}
Nxe5 $1 19. Rxc8 (19. Nxe5 Qb8) 19... Nxf3+ 20. Nxf3 Rfxc8 21. Nxd4 Nd7 22. Rd1
Nc5 23. Bc2 Rd8 24. e5 Bd5 25. Qe3 a4 26. bxa4 Nxa4 27. Nb5 Rdc8 28. Bxa4 (28.
Rxd5 $1 $11 {keeps the balance.} exd5 29. Qd3) 28... Rxa4 $17 29. Nd6 {[#]} Rc6
$2 (29... Rca8 $1 $17 30. Qb6 Ra1 31. Rxa1 Rxa1+ 32. Kh2 b3) 30. Qf4 $11 Bxd6
$1 31. exd6 {Hoping for d7.} Ra7 32. Qxb4 Rd7 $1 33. Qb8+ Kh7 34. Qe8 Rcxd6 35.
Rd3 Ra7 {...Bc6 is the strong threat.The position is equal.} (35... Rc7 $5 36.
Qf8 Ra6 $11) 36. Rg3 Rc6 37. Qb8 Rb7 38. Qf8 f6 39. Kh2 Rc2 40. f3 Rc4 41. Qe8
e5 42. Qg6+ Kh8 43. Qe8+ Kh7 44. Qd8 Bf7 45. Qd3+ Kh8 46. Qd6 Kh7 47. Qd3+ Kh8
48. Qa3 {Strongly threatening Qa8+.} Kh7 49. Qd3+ {Precision: White = 61%,
Black = 69%.} 1/2-1/2

[Event "Yingmei Cup CHN-chT 2017"]
[Site "?"]
[Date "2017.07.27"]
[Round "9"]
[White "Lu, Shanglei"]
[Black "Wei, Yi"]
[Result "1/2-1/2"]
[WhiteElo "2620"]
[BlackElo "2727"]
[Annotator "TA"]
[PlyCount "60"]
[EventDate "2017.??.??"]
[SourceTitle "Ningbo"]

1. e4 c5 2. Nf3 d6 3. d4 cxd4 4. Nxd4 Nf6 5. Nc3 a6 6. a3 Nc6 {B90: Sicilian
Najdorf: Unusual White 6th moves, 6 Be3 Ng4 and 6 Be3 e5} (6... e5 7. Nf5 d5 8.
Bg5 d4 9. Bxf6 Qxf6 10. Nd5 Qd8 11. Qg4 Bxf5 12. Qxf5 Bd6 13. h4 Nc6 14. Bc4 {
1-0 (44) Carlsen,M (2840)-Wojtaszek,R (2750) Wijk aan Zee 2017}) 7. Bc4 Bd7 8.
f3 (8. Be3 {seems wilder.} Rc8 9. O-O e6 10. h3 Na5 11. Bd3) 8... e6 9. Be3 Be7
10. Ba2 $146 ({Predecessor:} 10. Qd2 Qc7 11. Ba2 Rc8 12. O-O-O Ne5 13. Qe2 {
0-1 (45) Lafuente Ruiz,J (1690)-Martinez Ferrer,A (1845) Cerdanyola del Valles
2010}) 10... O-O 11. Qe2 e5 12. Nb3 b5 13. O-O b4 14. Nd5 bxa3 {[#] Hoping for
...Nxd5.} 15. Nxe7+ Nxe7 16. bxa3 d5 {Strongly threatening ...Bb5.} 17. Nc5 d4
18. Nxd7 Qxd7 19. Bg5 Qc6 20. f4 exf4 {White must now prevent ...d3.} 21. e5
Nfd5 $1 22. Bxe7 Nxe7 23. Rxf4 Ng6 24. Rxd4 {e6 is the strong threat.The
position is equal.} Qc3 25. Rad1 $36 {White fights for an advantage.} Qxa3 26.
Bb3 Rae8 27. Ra4 (27. Qe3 $5 Qa5 28. Rd5 $11) 27... Qc5+ 28. Qf2 Qc8 29. Rda1
Nxe5 30. h3 Qc3 {Precision: White = 49%, Black = 68%.} 1/2-1/2

[Event "Yingmei Cup CHN-chT 2017"]
[Site "?"]
[Date "2017.07.27"]
[Round "9"]
[White "Zhao, Jun"]
[Black "Fang, Yan"]
[Result "1/2-1/2"]
[WhiteElo "2616"]
[BlackElo "2447"]
[Annotator "TA"]
[PlyCount "95"]
[EventDate "2017.??.??"]
[SourceTitle "Ningbo"]

1. d4 Nf6 2. c4 d6 3. Nc3 e5 4. Nf3 Nbd7 5. e4 Be7 6. Be2 O-O 7. O-O c6 8. Be3
a6 9. Qc2 {A55: Old Indian Defence with Nf3 and e4} b5 10. d5 cxd5 11. cxd5 {
White is slightly better.} Qc7 {[#] White must now prevent ...b4.} 12. a3 Ng4
13. Bd2 {[#]} f5 $146 ({NOTEXT:} 13... Nb6 14. h3 Nf6 15. Rac1 Bd7 16. Be3 Rfc8
17. Nd2 {0-1 (62) Vanheste,J (2390)-Lobron,E (2530) Belgrade 1988}) 14. exf5
Nc5 $1 15. Ne4 {[#] Threatens to win with b4.} (15. f6 $5 Nxf6 16. Rac1 $14)
15... Bxf5 16. Bd3 $1 Qd7 17. Nxc5 dxc5 18. Bc3 Bxd3 19. Qxd3 Nf6 {Strongly
threatening ...e4.} 20. Nxe5 Qxd5 21. Rad1 Qxd3 22. Rxd3 c4 23. Rdd1 $1 Bc5 24.
Nd7 Nxd7 25. Rxd7 Rf7 26. Rxf7 (26. Rd5 {is interesting.} Ba7 27. Rd2 Bc5 28.
Re1 Raf8 29. Ree2) 26... Kxf7 $11 {Endgame KRB-KRB} 27. Rd1 Be7 28. f4 Ra7 29.
Kf2 a5 30. Ke3 b4 31. Bd4 Rc7 32. axb4 axb4 33. Be5 Rc8 34. Rc1 g6 35. Kd4 c3
36. bxc3 Rxc3 37. Rxc3 bxc3 38. Kxc3 $14 {KB-KB} h5 39. Kd4 Ke6 40. Ke4 Bd8 41.
h3 Be7 42. Bg7 Bd8 43. Bh6 Be7 44. Bg5 Bc5 45. Kf3 {White is better.} Kf5 46.
g4+ hxg4+ 47. hxg4+ Ke6 48. Ke4 {Precision: White = 73%, Black = 61%.} 1/2-1/2

[Event "Yingmei Cup CHN-chT 2017"]
[Site "?"]
[Date "2017.07.27"]
[Round "9"]
[White "Wen, Yang"]
[Black "Li, Chao b"]
[Result "1/2-1/2"]
[WhiteElo "2613"]
[BlackElo "2735"]
[Annotator "TA"]
[PlyCount "65"]
[EventDate "2017.??.??"]
[SourceTitle "Ningbo"]

1. d4 Nf6 2. c4 g6 3. Nf3 Bg7 4. g3 c6 5. Bg2 O-O 6. O-O d5 7. cxd5 cxd5 8. Ne5
Ne4 9. Nc3 Nxc3 10. bxc3 Nc6 11. Nxc6 bxc6 12. Qa4 Qb6 13. Ba3 Qa6 {D79:
Fianchetto Grünfeld: Symmetrical Variation (6 0-0 c6 7 cxd5 cxd5)} 14. Qxa6
Bxa6 {LiveBook: 52 Games. The position is equal.} 15. Rfe1 Rfe8 16. Bf1 e6 17.
e3 Bxf1 18. Kxf1 Bf8 19. Bxf8 Kxf8 $11 {Endgame KRR-KRR} 20. Rab1 Reb8 21. Rb3
{[#]} Rb6 $146 22. Reb1 Rab8 23. Ke2 Ke7 24. Kd3 Kd6 25. c4 {[#] Strongly
threatening c5+.} c5 26. cxd5 Kxd5 {Hoping for ...c4+.} 27. dxc5 Rxb3+ 28. axb3
{KR-KR} Rb5 29. b4 a5 $1 30. c6 (30. Rc1 $5 axb4 31. c6 $11) 30... Kxc6 31.
Rc1+ Kd6 32. bxa5 Rxa5 33. Ke4 {Precision: White = 74%, Black = 90%.} 1/2-1/2